|
|
|
|
| LEADER |
00713nam a22002057a 4500 |
| 003 |
OSt |
| 020 |
|
|
|a 9789382471967
|
| 082 |
|
|
|a 634.095 4
|b JOS/TE
|
| 100 |
|
|
|a Joshi, P S
|
| 245 |
|
|
|a Temperate fruit cultivation in India
|
| 260 |
|
|
|a Delhi
|b Jaya Publishing House
|c 2014
|
| 300 |
|
|
|a xii, 194p.
|
| 546 |
|
|
|a English
|
| 650 |
|
|
|a Temperate Fruits
|
| 650 |
|
|
|a Climate and Soil
|
| 650 |
|
|
|a Botany, Origin, Classification, Nomenclature and Cultivars
|
| 650 |
|
|
|a Cultivars and Varieties
|
| 942 |
|
|
|2 ddc
|c BK
|
| 999 |
|
|
|c 160369
|d 160369
|
| 952 |
|
|
|0 0
|1 0
|2 ddc
|4 0
|6 634_095000000000000_4_JOSTE
|7 0
|8 Gen
|9 159080
|a KAUCLV
|b KAUCLV
|c GENERAL
|d 2018-05-16
|g 2895.00
|l 3
|o 634.095 4 JOS/TE
|p 228177
|r 2018-07-03
|s 2018-07-03
|w 2018-05-16
|y BK
|